000 01046cam a22003257a 4500
003 CHAP
005 20220329142626.0
008 020527d1989 mx ab r 00010 spa d
010 _a85786
011 _a86758
035 _a97298
040 _cCHAP
082 _a616.9722
_bS4
100 0 0 _aSepúlveda Amor, Jaime.
_9104471
245 0 _aSIDA, cincia y sociedad en México
_c/por Jaime Sepúlveda Amor (y otros)
260 _aMéxico, D. F. :
_bFondo de Cultura Económica,
_c1989.
300 _a507 p.
490 0 _aBiblioteca de la salud
590 _aBATCH-UPD
_b10
_c20130110
_lUCH01
_h0611
590 _aBATCH-UPD
_b10
_c20130410
_lUCH01
_h0253
590 _aBATCH-UPD
_b10
_c20130914
_lUCH01
_h0619
590 _aCONVERSION
_b10
_c20130109
_lUCH01
_h1348
650 1 4 _aSalud pública
_zMéxico.
_9101844
650 1 4 _aSIDA (Enfermedad)
_9105806
830 0 _aBiblioteca de la salud
_912333
901 _aBK
905 _aMayto Villalobos S.
942 _cLIBRO
949 _a616.9722 S4
_bBC
_cLIBRO
_d33724000851283
_eLIBRO
_h102582
_i97298
_si
999 _c85786
_d85786